Current NBA Big Threes - Statistics

General Stats
  • This quiz has been taken 860 times
  • The average score is 13 of 18
Answer Stats
Team Player % Correct
Cavaliers SF LeBron James
93%
Thunder PG Russell Westbrook
92%
Celtics PG Kyrie Irving
91%
76ers C Joel Embiid
90%
Cavaliers PF Kevin Love
88%
Timberwolves C Karl-Anthony Towns
86%
Pelicans C Anthony Davis
84%
Thunder SF Paul George
78%
76ers PF Ben Simmons
75%
Celtics C Al Horford
71%
Pelicans C DeMarcus Cousins
70%
Timberwolves SG/SF Jimmy Butler
64%
Timberwolves SF Andrew Wiggins
63%
Cavaliers PG Isaiah Thomas
61%
Celtics SF Gordon Hayward
56%
Thunder SF/PF Carmelo Anthony
55%
Pelicans PG Rajon Rondo
44%
76ers PG Markelle Fultz
32%
No matching quizzes found
Score Distribution
Percent of People with Each Score
Percentile by Number Answered
Your Score History
You have not taken this quiz